Dial 776-7253 for Sporcle Quiz Stats

 Plays Quiz not verified by Sporcle

Also try: Sweetheart Sayings
Challenge
Share
Tweet
Embed
Score 0/15 Timer 02:00
0 Plays Today
'Telephone' Format Sporcle Category % Correct
587-836-7386Just For Fun
61.9%
68-742Music
61.9%
5-264-8243Language
57.1%
368-378-246-6368Entertainment
52.4%
447-8679History
52.4%
668-437Movies
52.4%
776-787Sports
52.4%
724-3623Science
52.4%
'Telephone' Format Sporcle Category % Correct
647-235-526-3687Miscellaneous
47.6%
7-354-4466Religion
42.9%
835-384-7466Television
42.9%
465-4329Holiday
42.9%
426-464Gaming
38.1%
43-647-2749Geography
38.1%
548-372-8873Literature
38.1%

You're not logged in!

Compare scores with friends on all Sporcle quizzes.
OR
Log In

You Might Also Like...

Show Comments

Extras

Top Quizzes Today


Score Distribution

Your Account Isn't Verified!

In order to create a playlist on Sporcle, you need to verify the email address you used during registration. Go to your Sporcle Settings to finish the process.

Report this User

Report this user for behavior that violates our Community Guidelines.

Details: